El banquete ; Fedón ; Fedro /
EL BANQUETE Nueva edición y traducción del libro que descubrió la naturaleza del amor. El banquete de Platón es el long-seller de los siglos. Probablemente el libro más fascinante que se haya escrito jamás o, al menos, el más perfecto. Esta es la escena: una casa acogedora y lujosa reúne a un grupo...
Guardado en:
| Autor Principal: | |
|---|---|
| Formato: | Libro |
| Idioma: | Undetermined |
| Publicado: |
Madrid :
Orbis,
1983.
|
| Edición: | 1era ed. |
| Materias: | |
| Etiquetas: |
Agregar Etiqueta
Sin Etiquetas, Sea el primero en etiquetar este registro!
|
| LEADER | 02095nam a22001935a 4500 | ||
|---|---|---|---|
| 001 | CEM.cems025131 | ||
| 008 | 260428s1983####sp############000#0#und#d | ||
| 005 | 20260429091910.0 | ||
| 245 | 1 | 0 | |a El banquete ; Fedón ; Fedro / |c Platón. |
| 250 | |a 1era ed. | ||
| 260 | |a Madrid : |b Orbis, |c 1983. | ||
| 300 | |a 373 p. ; |c 25 cm. | ||
| 505 | 0 | |a El banquete -- Fedón -- Fedro | |
| 520 | |a EL BANQUETE Nueva edición y traducción del libro que descubrió la naturaleza del amor. El banquete de Platón es el long-seller de los siglos. Probablemente el libro más fascinante que se haya escrito jamás o, al menos, el más perfecto. Esta es la escena: una casa acogedora y lujosa reúne a un grupo de intelectuales de buen humor que celebran el éxito de su anfitrión en la escena literaria. Uno a uno, van interviniendo de forma brillante, aguda e inolvidable sobre el tema propuesto como divertimento intelectual: el amor verdadero. Podría ser una película de Woody Allen, pero en realidad es lo mejor que se ha compuesto nunca sobre el amor. De lo divino, a lo humano, entre los efluvios del vino dionisíaco, la música y la camaradería, los amigos invitados a esta fiesta embriagadora van desgranando, de forma aparentemente casual pero, en verdad, profunda, los temas básicos de la filosofía y de la literatura, de la existencia humana y de la inspiración para vivirla de la mejor manera. Aristófanes, Pausanias, Erixímaco, y así hasta llegar a Sócrates, que invoca en su ayuda a una misteriosa mujer que nos dará las claves de todo y a la vez de nada, esbozando el gran misterio de la vida. Esta traducción, actualizada en un español ágil e impecable, corre a cargo del helenista Óscar Martínez García, que también ha escrito una magnífica introducción al texto y el perfil biográfico de cada participante. Además, se suma a esta cuidada edición un posfacio de Martha C. Nussbaum sobre la interpretación del diálogo de Platón | ||
| 020 | |a 9506140812 | ||
| 100 | 1 | |a Platón. | |
| 082 | 0 | 4 | |a 198 |
| 653 | |a Filosofía | ||
| 859 | |a CEMS |b BIB. CEMS - Agricultura |h 184 |i P697 |p A4107.26 |t Ej.1 | ||
